Ecología química en hongos y líquenes (Registro nro. 15976)

Detalles MARC
000 -CABECERA
Campo de control 005070000a22001450004500
090 ## - CLASIFICACIÓN LOCAL
Colección AS
Consecutivo Seriadas
041 0# - IDIOMA
Código de idioma para texto/pista de sonido o título separado
100 1# - ASIENTO PRINCIPAL--NOMBRE PERSONAL
Nombre personal Toledo Marentes, Francisco Javier
245 10 - MENCION DE TITULO
Título Ecología química en hongos y líquenes
700 1# - ASIENTO SECUNDARIO - NOMBRE PERSONAL
Nombre personal García Castellano, Ana
700 1# - ASIENTO SECUNDARIO - NOMBRE PERSONAL
Nombre personal León Oyola, Francisco
700 1# - ASIENTO SECUNDARIO - NOMBRE PERSONAL
Nombre personal Bermejo Barrera, Jaime
773 1# - Item fuente:
Título Revista de la Academia Colombiana de Ciencias Exactas, Físicas y Naturales
Descripción física 109
Paginas del Articulo 509-528
Lugar, editorial y fecha de publicación 2004
Información sobre la relación 28
942 ## - ELEMENTOS ADICIONALES (KOHA)
Tipo de ítem Artículo

No hay ítems disponibles.